000
00298nam a22001337a 4500
003
SGT
020
_a
9788119613496
082
_a
615.1
_b
OJA
100
_a
OJHA DR ABHIJEET
245
_a
A THEORETICAL BOOK ON QUALITY ASSURENCE
260
_a
INDIA
_b
IP
_c
2026
300
_a
135
942
_2
ddc
_c
BK
999
_c
34157
_d
34157